Holidays - Statistics

General Stats
  • This quiz has been taken 41 times
    23 since last reset
  • The average score is 15 of 137
Answer Stats
Date Answer % Correct
December 31st (Eve) & January 1st (Day) New Year's
100%
December 24th (Eve) & December 25th (Day) Christmas
89%
February 14th Valentine's Day
89%
1st Sunday After the Paschal Full Moon Easter
72%
March 17th Saint Patrick's Day
61%
April 1st April Fools' Day
56%
October 31st Halloween
56%
4th Thursday in November (US & Brazil) or 2nd Monday in October (Canada), 1st Sunday in October (Germany), 1st Monday in October (St Lucia), 1st Thursday in November (Liberia), Last Wednesday in November (Norfolk Island) Thanksgiving
50%
May 8th Victory in Europe Day
50%
Friday Before Easter Good Friday
44%
46 Days Before Easter Ash Wednesday
33%
February 2nd Groundhog Day
33%
Varies; Based on Beginning and End of Lunar Calendar Lunar New Year
33%
May 1st May Day
33%
Last Monday of May Memorial Day
28%
Sunday Before Easter Palm Sunday
28%
December 26th Boxing Day
22%
May 5th Cinco de Mayo
22%
1st–3rd Shawwal Eid al-Fitr
22%
25th Kislev–2nd/3rd Tevet Hanukkah
22%
From Ash Wednesday to Holy Saturday Lent
22%
2nd Sunday in May Mother's Day
22%
3rd Monday in February President's Day
22%
9th Month of Islamic Calendar Ramadan
22%
November 11th Veteran’s Day/Remembrance Day
22%
November 1st All Saint's Day
17%
November 2nd Día Del Los Muertos/Day of the Dead
17%
Ashwayuja 27th or 28th–Kartika 2nd (Amanta Tradition) Diwali
17%
January 5th (Eve) & January 6th (Day) Epiphany
17%
3rd Sunday of June Father's Day
17%
Last Day of Lent Holy Saturday
17%
1st Monday of September Labor Day
17%
Day Before Ash Wednesday Mardi Gras
17%
3rd Monday of January Martin Luther King Junior Day
17%
1st Tishrei–2nd Tishrei Rosh Hashanah
17%
10th Tishrei Yom Kippur
17%
Starts 4th Sunday Before Christmas Advent
11%
June 6th D-Day Anniversary
11%
10th–13th Dhu al-Hijjah Eid al-Adha
11%
Phalguna Purnima Holi
11%
October 12th Indigenous People's Day/Columbus Day
11%
March 8th International Women's Day
11%
June 19th Juneteenth
11%
December 26th–January 1st Kwanzaa
11%
15th Nisan–22nd/21st Nisan Passover
11%
September 11th Patriot Day (9/11)
11%
Last Friday of April Arbor Day
6%
10th Muharram Ashura
6%
Friday After Thanksgiving Black Friday
6%
December 8th Bodhi Day
6%
Weeks Leading Up to Ash Wednesday Carnival
6%
Monday After Thanksgiving Cyber Monday
6%
April 22nd Earth Day
6%
June 14th Flag Day
6%
October 2nd Gandhi Jayanti
6%
First Sunday After Labor Day Day Grandparent's Day
6%
September 24th Heritage Day
6%
November 19th International Men's Day
6%
June 28th LGBTQ Pride Day
6%
Thursday Before Easter Maundy Thursday
6%
3rd Saturday of September–1st Sunday of October Oktoberfest
6%
50 Days After Easter Pentecost
6%
14th/15th Day of Adar Purim
6%
December 6th Saint Nicholas Day
6%
May 4th Star Wars Day
6%
15th Day of Tishrei – 20th Day of Tishrei Sukkot
6%
March 14th White Day
6%
Last Sunday of the Liturgical Year World Youth Day
6%
~Winter Solstice Yule
6%
Variable Date in June Alexandra Rose Day
0%
November 2nd All Soul's Day
0%
July 24th Amelia Earhart Day
0%
3rd Saturday of May Armed Forces Day
0%
Full Moon Day of the Lunar Month Āsādha Āsāḷha Pūjā
0%
July 26th Aunt & Uncle's Day
0%
November 1st Author's Day
0%
May 2nd Brothers & Sisters Day
0%
August 8th (International) & October 29th (National) Cat Day
0%
July 25th Christmas in July
0%
November 1st Día Del Los Angelitos/Day of the Little Angels
0%
March 2nd Doctor Seuss Day
0%
August 26th (National & International) Dog Day
0%
July 30th Father-in-Law Day
0%
January 3rd Festival of Sleep Day
0%
December 23rd Festivus
0%
Varies, But Often the Weekend or Wednesday Before Thanksgiving Friendsgiving
0%
February 13th Galentine's Day
0%
Tuesday After Thanksgiving Giving Tuesday
0%
November 5th Guy Fawkes Night/Bonfire Night
0%
July 22nd Hammock Day
0%
February 1st Imbolc
0%
May 16th International Day of Light
0%
September 21st International Day of Peace
0%
September 26th Johnny Appleseed Day
0%
January 17th Kid Inventor's Day
0%
August 1st Lammas (Loaf Mass Day)
0%
February 29th Leap Day
0%
~Autumnal Equinox Mabon
0%
12th Rabi' al-Awwal Mawlid al-Nabi
0%
October 3rd Mean Girls Day
0%
15th Day of the 8th Month Mid-Autumn Festival
0%
~Summer Solstice Midsummer
0%
July 20th Moon Day
0%
4th Sunday in October Mother-in-Law Day
0%
October 26th National Day of the Deployed
0%
Last Monday of August (Philippines), October 21st (UK), October 8th (US) National Heroes' Day
0%
January 23rd Ocean Exploration Day
0%
Chingam (siṃha) masam, Atham (hastā) nakshatram – Chingam (siṃha) masam, Thiruvonam (śrāvaṇa) nakshatram Onam
0%
January 25th Opposite Day
0%
February 8th or 15th Parinirvana Day
0%
3rd Monday in April Patriots' Day
0%
March 14th Pi Day
0%
15th Day After the Spring Equinox Qingming Festival/Tomb-Sweeping Day
0%
7th Day of the 7th Lunisolar Month Qixi Festival
0%
August 22nd Rainbow Baby Day
0%
August 15th Relaxation Day
0%
December 1st Rosa Parks Day
0%
November 11th Saint Martin's Day
0%
Sunday After Thanksgiving Secondhand Sunday
0%
15th Day of the 1st Lunisolar Month Shangyuan Festival/Lantern Festival
0%
6th Day of Sivan – 7th Day of Sivan Shavuot
0%
Saturday After Thanksgiving Small Business Saturday
0%
August 11th Sons & Daughters Day
0%
November 8th STEM/STEAM Day
0%
September 19th Talk Like a Pirate Day
0%
Tuesday of the First Full Week of May Teacher Day
0%
February 28th & August 22nd Tooth Fairy Day
0%
October 24th United Nations Day
0%
Full Moon of Lunar Month of Vesākha Vesak
0%
Last Monday preceding May 25th Victoria Day
0%
April 30th–May 1st Walpurgis Night
0%
April 2nd World Autism Awareness Day
0%
February 4th World Cancer Day
0%
July 14th World Chimpanzee Day
0%
24th or 25th of the 6th Month of Yi Calendar Xinghui Festival/Torch Festival
0%
January 27th Yom HaShoah (Holocaust Remembrance Day)
0%
March 1st Zero Discrimination Day
0%
No matching quizzes found
Score Distribution
Percent of People with Each Score
Percentile by Number Answered
Your Score History
You have not taken this quiz since the last reset